[Event "AUS-ch U18 Girls"]
[Site "Canberra"]
[Date "2007.01.25"]
[Round "10"]
[White "Khoo, Karen"]
[Black "Kristofferson, Alice"]
[Result "1-0"]
[WhiteElo "868"]
[BlackElo "802"]
[PlyCount "75"]
[EventDate "2007.01.14"]
[EventType "swiss"]
[EventRounds "11"]
[EventCountry "AUS"]
[SourceTitle "EXT 2008"]
[Source "ChessBase"]
[SourceDate "2007.11.25"]
[SourceVersion "1"]
[SourceVersionDate "2007.11.25"]
[SourceQuality "1"]

1. e4 e5 2. Nf3 Nc6 3. Nc3 Nf6 4. d4 exd4 5. Nxd4 Bc5 6. Be3 d5 7. Nxc6 Qd6 8. Bxc5 Qxc5 9. Nd4 Nxe4 10. Nxe4 dxe4 11. Be2 Qb4+ 12. Qd2 Qxb2 13. 0-0 Qb6 14. Rab1 Qg6 15. Qe3 0-0 16. Nb5 c6 17. Nxa7 Bd7 18. Rxb7 Bf5 19. Rc7 Rfe8 20. Rxc6 Re6 21. Rxe6 Qxe6 22. a3 Qe7 23. Nc6 Qc7 24. Qc5 Qd7 25. Ne7+ Kh8 26. Nxf5 Rc8 27. Bb5 Qe6 28. Rd1 h6 29. Qd5 Qb6 30. Qxf7 Rc7 31. Rd8+ Kh7 32. Qg8+ Kg6 33. Rd6+ Qxd6 34. Nxd6 Rxc2 35. Be8+ Kg5 36. Qxg7+ Kf4 37. Qf6+ Kg4 38. h3# 1-0